000 00327 a2200145 4500
001 148848
040 _cEscola São Tomás de Aquino
100 _aROCHA, Ruth
240 1 0 _aOs músicos de Bremen
_lpor
245 1 0 _aOs músicos de Bremen
362 0 _a1996
440 1 _aFTD
697 _a*LITERATURA INFANTO
942 _cBK
999 _c148848
_d148848